000 00463nam a2200169Ia 4500
005 20250508155659.0
008 008 250505s9999 xx 000 0 eng d
037 _aTextual
040 _aFEDL
_beng
_cFEDL
041 _aeng
_2eng
084 _a329.3, UNI
_qFEDL
245 0 _aSayukta rajya America : Janta dwara sasan
245 0 _cUnited Stats Information Service
300 _a124p
942 _cTEXL
_h329.3, UNI
999 _c1358761
_d1358761